Sri Ramakrishna: (Record no. 192950)

MARC details
000 -LEADER
fixed length control field 00528nam a22001817a 4500
005 - DATE AND TIME OF LATEST TRANSACTION
control field 20221011161308.0
010 ## - LCCN (DPL NO)
LC control number ENG-135364
020 ## - INTERNATIONAL STANDARD BOOK NUMBER
International Standard Book Number 9788178837710
Terms of availability 70.00
035 ## - SYSTEM CONTROL NUMBER
System control number EN-118896
037 ## - SOURCE OF ACQUISITION
Source of stock number/acquisition DBAD/PUB
082 ## - DEWEY DECIMAL CLASSIFICATION NUMBER
Classification number 181.45
100 ## - MAIN ENTRY--PERSONAL NAME
Personal name Tapasyananada
245 ## - TITLE STATEMENT
Title Sri Ramakrishna:
Remainder of title life and teachings/
Statement of responsibility, etc by Tapasyananda
260 ## - PUBLICATION, DISTRIBUTION, ETC. (IMPRINT)
Place of publication, distribution, etc Chennai
Name of publisher, distributor, etc Sri Ramakrishna Math
Date of publication, distribution, etc 2018
270 ## - ADDRESS
Address Mylapore
City Chennai
Postal code 600004
300 ## - PHYSICAL DESCRIPTION
Extent 239p.
Dimensions 18cm(hbk)
Other physical details Glossary & Index
942 ## - ADDED ENTRY ELEMENTS (KOHA)
Source of classification or shelving scheme Dewey Decimal Classification
Item type English Books
Call number suffix TAP
Classification part 181.45
Holdings
Withdrawn status Lost status Not for loan Collection code Home library Current library Date acquired Source of acquisition Cost, normal purchase price Full call number Barcode Copy number Cost, replacement price Koha item type
      Non-fiction Bawana Bawana 11/10/2022 DBAD/PUB 70.00 181.45 TAP EN-118896 1 70.00 English Books

© Delhi Public Library
Hit Counter
free hit counter